[Event "FRA-chT"]
[Site "FRA"]
[Date "1996.??.??"]
[Round "?"]
[White "Weber, Danielida"]
[Black "Flear, Christine"]
[Result "0-1"]
[WhiteElo "2225"]
[BlackElo "2220"]
[PlyCount "114"]
[EventDate "1996.??.??"]
[Source "ChessBase"]

1. e4 e5 2. Nf3 Nc6 3. d4 exd4 4. Nxd4 Bc5 5. Be3 Qf6 6. c3 Nge7 7. Qd2 Bxd4 8.
cxd4 d5 9. Nc3 dxe4 10. Nxe4 Qg6 11. Ng3 O-O 12. Bd3 Qd6 13. O-O f5 14. Bc4+
Kh8 15. Bf4 Qxd4 16. Qxd4 Nxd4 17. Bxc7 Nec6 18. Ne2 Be6 19. Bxe6 Nxe6 20. Bf4
Rad8 21. Rad1 Nxf4 22. Nxf4 Rfe8 23. h4 Kg8 24. Rfe1 Rxe1+ 25. Rxe1 Rd2 26. Re2
Rd1+ 27. Kh2 Kf7 28. g3 Rb1 29. Kg2 Rd1 30. Rc2 g6 31. a3 a5 32. Ne2 h6 33. Nc3
Rd4 34. Nb5 Rd3 35. Re2 Kf6 36. Nc3 Ne5 37. Na4 Rd4 38. Nc3 g5 39. hxg5+ hxg5
40. Nb5 Rd3 41. Nc3 b6 42. Na4 f4 43. gxf4 gxf4 44. Rc2 f3+ 45. Kg3 b5 46. Nc5
Rd4 47. Nb3 Rg4+ 48. Kh3 a4 49. Nd2 Rd4 50. Kg3 Kf5 51. Nf1 Rg4+ 52. Kh2 Rg2+
53. Kh1 Ng4 54. Ng3+ Kf4 55. Nh5+ Kg5 56. Ng3 Kf4 57. Nh5+ Ke5 0-1

[Event "FRA-chT"]
[Site "FRA"]
[Date "1996.??.??"]
[Round "?"]
[White "Wolrich, Charles"]
[Black "Mensch, Etienne"]
[Result "0-1"]
[WhiteElo "2090"]
[BlackElo "2270"]
[PlyCount "49"]
[EventDate "1996.??.??"]
[Source "ChessBase"]

1. d4 Nf6 2. c4 c5 3. d5 b5 4. cxb5 a6 5. bxa6 g6 6. e3 Bg7 7. Nf3 O-O 8. Nc3
d6 9. Bd3 Bxa6 10. O-O Qb6 11. Re1 Nbd7 12. Bxa6 Qxa6 13. Qc2 Ng4 14. Bd2 Nge5
15. Nxe5 Nxe5 16. Reb1 Rfb8 17. Nd1 Qe2 18. Nc3 Qg4 19. h3 Nf3+ 20. Kh1 Qh5 21.
gxf3 Qxf3+ 22. Kg1 Rb4 23. e4 Be5 24. Qd1 Qxh3 25. Qf1 0-1

[Event "FRA-chT"]
[Site "FRA"]
[Date "1996.??.??"]
[Round "?"]
[White "Wolrich, Charles"]
[Black "Tagnon, Nicole"]
[Result "1/2-1/2"]
[WhiteElo "2090"]
[BlackElo "2145"]
[PlyCount "42"]
[EventDate "1996.??.??"]
[Source "ChessBase"]

1. d4 Nf6 2. c4 c5 3. d5 e6 4. Nc3 exd5 5. Nxd5 Nxd5 6. Qxd5 Nc6 7. g3 Be7 8.
Bh3 O-O 9. Nf3 d6 10. Bxc8 Qxc8 11. O-O Qe6 12. Bd2 Bf6 13. Bf4 Rfd8 14. Rad1
Nd4 15. Nxd4 Qxd5 16. cxd5 Bxd4 17. b3 Rd7 18. Kg2 Re8 19. Kf3 Be5 20. Bxe5
Rxe5 21. e3 Rde7 1/2-1/2

[Event "FRA-chT"]
[Site "FRA"]
[Date "1996.??.??"]
[Round "?"]
[White "Yedidia, Jonathan"]
[Black "Bacrot, Etienne"]
[Result "1-0"]
[WhiteElo "2445"]
[BlackElo "2470"]
[PlyCount "65"]
[EventDate "1996.??.??"]
[Source "ChessBase"]

1. d4 d5 2. Nf3 c6 3. Bf4 Bf5 4. e3 e6 5. Be2 Nf6 6. h3 h6 7. O-O Nbd7 8. c4
Be7 9. Qb3 Qb6 10. c5 Qxb3 11. axb3 Bxb1 12. Rfxb1 a6 13. b4 Rc8 14. Nd2 O-O
15. Nb3 Bd8 16. Na5 Bxa5 17. bxa5 Rfe8 18. Bd3 e5 19. Bh2 g6 20. Ra4 Re7 21.
Rb4 Rc7 22. Ra1 Nh7 23. Ra3 f6 24. Bxg6 Ndf8 25. Bf5 Ng5 26. f4 Nf7 27. fxe5
fxe5 28. Rab3 Kg7 29. Kf2 Kf6 30. g4 Ne6 31. Bg3 Neg5 32. Kg2 Ne4 33. dxe5+ 1-0

[Event "FRA-chT"]
[Site "FRA"]
[Date "1996.??.??"]
[Round "?"]
[White "Yedidia, Jonathan"]
[Black "Inkiov, Ventzislav"]
[Result "1/2-1/2"]
[WhiteElo "2445"]
[BlackElo "2505"]
[PlyCount "121"]
[EventDate "1996.??.??"]
[Source "ChessBase"]

1. d4 Nf6 2. Nf3 d5 3. Bf4 e6 4. e3 c5 5. c3 Nc6 6. Nbd2 Bd6 7. Bg3 O-O 8. Bd3
Qe7 9. Ne5 Nd7 10. Ndf3 f5 11. O-O Nf6 12. Nxc6 bxc6 13. Bxd6 Qxd6 14. Ne5 cxd4
15. exd4 c5 16. Qa4 c4 17. Be2 Bd7 18. Qc2 Rfc8 19. Rfc1 a5 20. b3 cxb3 21.
axb3 Ne4 22. Qb2 Rcb8 23. Qa3 Be8 24. f3 Qxa3 25. Rxa3 Nd6 26. Rca1 Kf8 27. Kf2
Ra7 28. c4 dxc4 29. bxc4 a4 30. c5 Nf7 31. Nc4 Rb4 32. Ke3 Bb5 33. Rc1 Rd7 34.
Nb6 Rdxd4 35. Bxb5 f4+ 36. Kf2 Rxb5 37. Nxa4 Ra5 38. Rca1 Ne5 39. R1a2 Ke7 40.
g3 g5 41. Nc3 Rxa3 42. Rxa3 g4 43. Ra7+ Ke8 44. gxf4 gxf3 45. Ke3 Rd3+ 46. Ke4
f2 47. Ra1 Rxc3 48. fxe5 Rxc5 49. Kf3 Rc2 50. Kg2 f1=Q+ 51. Kxf1 Rxh2 52. Ra7
Rh5 53. Kg2 Rf5 54. Rxh7 Rxe5 55. Kf3 Rf5+ 56. Ke4 Rf7 57. Rxf7 Kxf7 58. Ke5
Ke7 59. Ke4 Kd6 60. Kd4 e5+ 61. Ke4 1/2-1/2

[Event "FRA-chT"]
[Site "FRA"]
[Date "1996.??.??"]
[Round "?"]
[White "Yedidia, Jonathan"]
[Black "Legky, Nikolay A"]
[Result "1-0"]
[WhiteElo "2445"]
[BlackElo "2540"]
[PlyCount "115"]
[EventDate "1996.??.??"]
[Source "ChessBase"]

1. d4 Nf6 2. Nf3 d5 3. Bf4 c5 4. c3 Nc6 5. e3 Qb6 6. Qb3 c4 7. Qc2 Bf5 8. Qc1
e6 9. Be2 Be7 10. Nbd2 O-O 11. O-O Rfc8 12. h3 Qd8 13. Nh4 Be4 14. f3 Bd3 15.
Bxd3 cxd3 16. g4 Nxg4 17. fxg4 Bxh4 18. Qb1 Bf6 19. Nf3 d2 20. Qd3 g6 21. Qxd2
Bg7 22. Ng5 Qe7 23. Rae1 f5 24. Qg2 Kh8 25. Nf3 Rf8 26. Qg3 Rad8 27. Re2 b5 28.
Rg2 Bf6 29. g5 Bg7 30. h4 Kg8 31. h5 Rfe8 32. hxg6 hxg6 33. Rh2 e5 34. dxe5
Nxe5 35. Nxe5 Bxe5 36. Qh4 Rd7 37. Rf3 Qe6 38. Rfh3 Rg7 39. Bxe5 Qxe5 40. Qd4
Qxd4 41. cxd4 Ree7 42. Rh8+ Kf7 43. Kf2 Ke6 44. Rb8 Rb7 45. Rxb7 Rxb7 46. Rh6
Rg7 47. Kf3 Rg8 48. b4 Rg7 49. Kf4 Kd6 50. a3 a6 51. Rh8 a5 52. Ra8 axb4 53.
Ra6+ Kc7 54. axb4 Rg8 55. Ke5 Rh8 56. Rxg6 Rh3 57. Kf4 Kd7 58. Rh6 1-0

[Event "FRA-chT"]
[Site "FRA"]
[Date "1996.??.??"]
[Round "?"]
[White "Yedidia, Jonathan"]
[Black "Vaisser, Anatoli"]
[Result "1/2-1/2"]
[WhiteElo "2445"]
[BlackElo "2565"]
[PlyCount "108"]
[EventDate "1996.??.??"]
[Source "ChessBase"]

1. d4 e6 2. Nf3 f5 3. g3 Nf6 4. Bg2 d5 5. O-O Bd6 6. c4 c6 7. b3 Qe7 8. a4 b6
9. Ba3 a5 10. Qc1 Bb7 11. Bxd6 Qxd6 12. Qa3 Ke7 13. Qb2 Rc8 14. Nbd2 Na6 15.
Ne5 Rc7 16. h3 Kf8 17. g4 Kg8 18. e3 Rf8 19. Rac1 Nb4 20. c5 Qd8 21. Qb1 Re7
22. f4 Nd7 23. Ndf3 Ba6 24. Rfd1 Be2 25. Nxd7 Rxd7 26. Rd2 Bxf3 27. Bxf3 Qh4
28. Kh2 fxg4 29. Bxg4 Qf6 30. cxb6 Rb7 31. Rc5 Ra8 32. Be2 Rxb6 33. Bd3 g6 34.
Rg2 Kg7 35. Rc1 Nxd3 36. Qxd3 Rab8 37. Rb2 Qe7 38. Rc5 Qb7 39. Kg2 Rxb3 40.
Rxb3 Qxb3 41. Qxb3 Rxb3 42. Kf3 Ra3 43. Rxa5 Ra2 44. Ra7+ Kf6 45. a5 h6 46. a6
Rh2 47. Kg4 Rg2+ 48. Kf3 Ra2 49. Kg4 Rg2+ 50. Kf3 Ra2 51. Ra8 Kf7 52. Kg3 Kf6
53. a7 Kg7 54. Kf3 Kh7 1/2-1/2